Gesammelte Schriften Band 8

Bibliographic Details
Main Author: Lindau, Rudolf, 1829-1910 (Author)
Other Authors: Hillenbrand, Rainer, 1962- (Author of introduction, etc., Editor)
Format: Book
Language:German
PhysicalDescription:147, 405 s. 21 cm
Published: Hildesheim Zürich New York Georg Olms 2007
ISBN:9783487133690
ISSN:1430-8320
Series:Historia scientiarum. Fachgebiet Kulturwissenschaften
Subjects:

MARC

LEADER 00000nam a2200000 a 4500
001 vtls009093957
003 SK-MaSNL
005 20260302021633.0
008 240314s2007 gw h g 000 1 ger
020 |a 9783487133690  |q (viaz.) 
040 |a SNK  |b slo  |c SNK  |e AACR2 
041 0 |a ger 
044 |a gw  |a sz  |a xxu  |c DE  |c CH  |c US 
072 7 |a 821.112.2-3  |x Nemecká próza, nemecky písaná  |2 konspekt 
080 |a 821.112.2-3  |2 2001 
080 |a (0:82-32)  |2 2001 
080 |a (081.1)  |2 2001 
100 1 |a Lindau, Rudolf,  |d 1829-1910  |4 aut  |9 404124 
245 1 0 |a Gesammelte Schriften  |n Band 8  |c Rudolf Lindau ; mit einer Einleitung herausgegeben von Rainer Hillenbrand 
260 |a Hildesheim  |a Zürich  |a New York  |b Georg Olms  |c 2007 
300 |a 147, 405 s.  |c 21 cm 
490 1 |a Historia scientiarum. Fachgebiet Kulturwissenschaften  |x 1430-8320 
500 |a Faksimile vyd. Berlin, 1872 a 1896 
500 |a Tlačené švabachom 
500 |a 8 zv. obsahuje 2 diela 
648 7 |a 19.-20. stor.  |2 SNKPH  |9 268609 
650 0 7 |a nemecká próza  |2 SNKPH  |9 1196 
655 7 |a nemecké prózy  |2 SNKPH  |9 70663 
655 7 |a zobrané spisy  |2 SNKPH  |9 70576 
700 1 |a Hillenbrand, Rainer,  |d 1962-  |4 aui  |4 edt  |9 404125 
740 0 2 |a Die Preußische Garde im Feldzuge 1870-71 
740 0 2 |a Aus China und Japan 
830 0 |a Historia scientiarum. Fachgebiet Kulturwissenschaften  |9 304564 
919 |a 978-3-487-13369-0 
958 |a JP 
999 |c 1029720  |d 1031650 
952 |a SNK  |b SNK  |y VYP  |7 0  |p 17A0566161  |o snkID 97929/8  |i snk2007/22897  |8 2  |g 109.44  |0 0  |1 0  |4 0  |d 2007-09-12  |l 0  |r 2026-02-24 13:50:46  |w 2026-02-24